[Event "It (open)"]
[Site "masterchessopen.com Nyiregyhaza (Hungary)"]
[Date "2002.07.05"]
[Round "7"]
[White "Bokros Albert (HUN)"]
[Black "Berebora Ferenc (HUN)"]
[Result "1-0"]
[WhiteElo "2420"]
[BlackElo "2404"]

1.e4 c5 2.Nf3 Nc6 3.d4 cxd4 4.Nxd4 Nf6 5.Nc3 d6 6.Bg5 Bd7 7.Qd2 Rc8 8.f4 h6
9.Bxf6 gxf6 10.Nf5 Qa5 11.Bd3 Nb4 12.O-O Nxd3 13.Qxd3 Qb6+ 14.Ne3 Qxb2 15.Ncd5
Qb5 16.c4 Qc5 17.Kh1 Bg7 18.e5 fxe5 19.Nf5 Bxf5 20.Qxf5 e4 21.Qxe4 e6 22.Rac1
Qd4 23.Qe2 Kd7 24.Rfd1 Qc5 25.Qh5 Rhf8 26.Qg4 Bh8 27.Qh3 f5 28.Ne3 Bd4 29.Nf1
Bg7 30.Qg3 Rf7 31.Rd3 Kc7 32.Rcd1 Rd8 33.Ne3 Kb8 34.Qg6 Re7 35.Re1 Qb4 36.Qg3
Bf6 37.Rb3 Qc5 38.Qg6 Qd4 39.Rd1 {#r} 1-0

[Event "It (open)"]
[Site "masterchessopen.com Abudhabi (United Arab Emirates)"]
[Round "4"]
[White "Yemelin Vasily (RUS)"]
[Black "Bakre Tejas (IND)"]
[Result "1-0"]
[WhiteElo "2571"]
[BlackElo "2491"]

1.e4 c5 2.Nf3 d6 3.d4 cxd4 4.Nxd4 Nf6 5.Nc3 Nc6 6.Bg5 Bd7 7.Qd2 Nxd4 8.Qxd4
Qa5 9.Bd2 Rc8 10.O-O-O a6 11.Bc4 Qc5 12.Qxc5 Rxc5 13.Bb3 Ng4 14.Be1 e6 15.Ne2
Be7 16.h3 Ne5 17.Bb4 Rc6 18.Rd4 Rb6 19.Ba5 Rb5 20.Bc7 Nc6 21.Rdd1 Na5 22.Bxd6
Nxb3+ 23.axb3 Bxd6 24.Rxd6 Ke7 25.Rd2 Re5 26.f3 g5 27.Rhd1 Bc8 28.Rd4 Rc5
29.b4 Rc7 30.e5 Rd7 31.Ng3 Rxd4 32.Rxd4 f5 33.exf6+ Kxf6 34.Ne4+ Kg6 35.Kd2 h6
36.Ke3 Kf7 37.Rc4 Kg6 38.Nd6 {#r} 1-0

[Event "Tournament (team) \"]
[Site "masterchessopen.com Almendrarejo (Spain)"]
[Round "4"]
[White "Macias Rodriguez Francisco (ESP)"]
[Black "Zarzo Lopez Tomas (ESP)"]
[Result "0-1"]
[WhiteElo "2012"]
[BlackElo "2238"]

1.e4 c5 2.Nf3 d6 3.d4 cxd4 4.Nxd4 Nf6 5.Nc3 Nc6 6.Bg5 Bd7 7.Qd2 a6 8.Be2 e6
9.O-O Be7 10.Kh1 Qc7 11.f4 Rc8 12.Rad1 Nxd4 13.Qxd4 Qc5 14.e5 Nd5 15.Bxe7 Qxd4
16.Rxd4 Nxc3 17.bxc3 Kxe7 18.exd6+ Kf6 19.c4 Rc5 20.Bd3 h6 21.Kg1 Rd8 22.g4 g6
23.Rb1 Bc6 24.Kf2 e5 25.fxe5+ Rxe5 26.Rd1 Ke6 27.c5 Rxc5 28.Bc4+ Ke5 29.c3 b5
30.Re1+ Kf6 31.Rf4+ Kg5 32.Kg3 f5 33.Re6 h5 34.gxf5 h4+ 35.Rxh4 Rxc4 36.Rxc4
bxc4 37.h4+ Kxf5 {#R} 0-1

[Event "Ukrainian Games (w)"]
[Site "masterchessopen.com Alushta (Ukraine)"]
[Round "1"]
[White "Gritsayeva Oksana (UKR)"]
[Black "Kalinina Larisa (UKR)"]
[Result "0-1"]
[WhiteElo "2286"]
[BlackElo "2177"]

1.e4 c5 2.Nf3 Nc6 3.d4 cxd4 4.Nxd4 Nf6 5.Nc3 d6 6.Bg5 Bd7 7.Qd2 Rc8 8.Bc4 Nxd4
9.Qxd4 Qa5 10.Bxf6 gxf6 11.Bb3 Rg8 12.O-O-O Rxg2 13.f4 Qc5 14.Qxc5 Rxc5
15.Rdg1 Rxg1+ 16.Rxg1 f5 17.Rg8 Bc6 18.Rh8 fxe4 19.Rxh7 Rf5 20.Ne2 e5 21.fxe5
e3 22.Rxf7 Rxf7 23.Bxf7+ Kxf7 24.exd6 Bxd6 25.Nd4 Bxh2 26.Kd1 Be5 27.Nf5 Bf3+
28.Ke1 e2 29.Kf2 Kf6 30.Nh4 Bg3+ {#R} 0-1

[Event "Ch Europe (team) (juniors) (under 18)"]
[Site "masterchessopen.com Balatonlelle (Hungary)"]
[Round "5"]
[White "Murariu Andrei (ROM)"]
[Black "Bosiocic Marin (CRO)"]
[Result "1-0"]
[WhiteElo "2381"]
[BlackElo "2313"]

1.e4 c5 2.Nf3 Nc6 3.d4 cxd4 4.Nxd4 Nf6 5.Nc3 d6 6.Bg5 Bd7 7.Qd2 Qa5 8.Nb3 Qc7
9.f4 Rc8 10.O-O-O a6 11.Be2 e6 12.Rhf1 Be7 13.Bxf6 gxf6 14.Bh5 Rf8 15.Kb1 b5
16.Ne2 b4 17.f5 e5 18.g4 a5 19.g5 a4 20.Nbc1 Na5 21.b3 Nb7 22.g6 hxg6 23.fxg6
fxg6 24.Bxg6+ Kd8 25.Nd3 Nc5 26.Nxb4 Bc6 27.Nc3 Qb7 28.Ncd5 Bxd5 29.Nxd5 Rc6
30.Bf5 Ra6 31.Rf3 Rh8 32.Rg3 Bf8 33.Rdg1 axb3 34.cxb3 Ra3 35.Qb2 Qa6 36.Nb4
Qa8 37.Rg8 Rxg8 38.Rxg8 Ke7 39.Nd5+ Kf7 40.Qg2 {#r} 1-0

[Event "It (cat.15)"]
[Site "masterchessopen.com Bermuda"]
[Round "11"]
[White "Al-Modiahki Mohamad (QAT)"]
[Black "Christiansen Larry M (USA)"]
[Result "1-0"]
[WhiteElo "2577"]
[BlackElo "2531"]

{ Christiansen Larry M (USA) +1 =0 -0 } 1.e4 { 1 } 1...c5 2.Nf3 d6 3.d4 cxd4
4.Nxd4 Nf6 5.Nc3 Nc6 6.Bg5 Bd7 7.Qd2 Rc8 8.O-O-O Nxd4 9.Qxd4 Qa5 { ?/= }
10.Be3 ( 10.Bd2 e6 11.Kb1 Qc5 12.Qxc5 dxc5 13.f3 g6 14.Bf4 Bc6 15.a4 Be7
16.Bc4 Nd7 17.Bb5 Bf6 18.Bxc6 Rxc6 19.Ne2 g5 20.Bd2 Ne5 21.h4 gxh4 22.Bc3 Ke7
23.f4 Ng6 24.Bxf6+ Kxf6 25.Rd7 Rb8 26.e5+ Kg7 27.g3 Kf8 28.gxh4 Ke8 29.Rhd1 h5
{ ...1-0, Korneev Oleg 2600 - Rodriguez Orestes 2460 , Salamanca 1998 Ch Spain
(team) } ) ( 10.f4 h6 11.Bh4 e5 12.Qd3 Rxc3 13.bxc3 g5 14.fxg5 hxg5 15.Bxg5
Ng4 16.Be2 Rg8 17.h4 Nf2 18.Qf3 Qa3+ 19.Kd2 Nxd1 20.Rxd1 Be7 21.Bxe7 Kxe7
22.Bc4 Rf8 23.g4 Qc5 24.Bb3 f6 25.Rf1 Qc8 26.Rg1 b6 27.Rg2 Qe8 28.h5 Rh8
29.Kc1 Qf8 { ...1-0, Georgiev Kiril 2595 - Ljubojevic Ljubomir 2600 , Linares
1988 It (cat.15) } ) ( 10.Bxf6 gxf6 11.Kb1 Qc5 12.Qd2 e6 13.f4 b5 14.Bd3 b4
15.Ne2 a5 16.Rhf1 Be7 17.Rc1 d5 18.c3 dxe4 19.Bxe4 f5 20.Bf3 Qb6 21.Qd4 Qxd4
22.cxd4 Bd6 23.g3 Ke7 24.d5 Rxc1+ 25.Rxc1 Rc8 26.Rd1 Ba4 27.b3 Bd7 28.Rc1 Bc5
29.Rd1 Bb5 { ...1/2-1/2, Timoshenko Georgy 2555 - Milov Vadim 2602 , Ohrid
2001 Ch Europe } ) 10...a6 11.f3 ( 11.Qb6 Qxb6 12.Bxb6 e6 13.f3 Bc6 14.Bc4
Bxe4 15.Bxe6 fxe6 16.Nxe4 Nxe4 17.fxe4 Be7 18.Rhf1 Bg5+ 19.Kb1 Ke7 20.c3 Rhf8
21.Kc2 Rxf1 22.Rxf1 Rf8 23.Rxf8 Kxf8 24.Kd3 { 1/2-1/2, Suetin Alexey S 2550 -
Gheorghiu Florin 2530 , Hastings 1968 It } ) 11...e5 ( 11...g6 12.Kb1 Bg7
13.Nd5 Be6 14.Qb6 Qxb6 15.Nxb6 Rc7 16.c4 Nd7 17.Nd5 Rc6 18.Be2 f5 19.exf5
Bxf5+ 20.Ka1 Kf7 21.Rhe1 Re8 22.g4 Be6 23.f4 Rec8 24.f5 Bxd5 25.Rxd5 b5 26.Bd3
bxc4 27.fxg6+ hxg6 28.Bc2 Be5 29.Bc1 Rc5 30.Rd2 Kg7 31.Rde2 { ...0-1, Volke
Karsten 2467 - Milov Vadim 2602 , Deizisau 2001 It (open) } ) ( 11...e6 12.Kb1
Be7 13.g4 O-O 14.g5 Nh5 15.Qd2 Qc7 16.Bh3 g6 17.Bg4 Rfd8 18.Bxh5 gxh5 19.Bd4
b5 20.Rhg1 Be8 21.Bf6 b4 22.Ne2 d5 23.Bxe7 Qxe7 24.e5 d4 25.Nf4 Qc5 26.Nxh5
Bb5 27.f4 d3 28.cxd3 b3 29.d4 Qc2+ 30.Ka1 Be2 31.Nf6+ { ...0-1, Mencinger
Vojko 2360 - Efimov Igor 2540 , Ljubljana 1997 It } ) 12.Qb6 Qxb6 13.Bxb6 Be7
{ N } ( 13...Be6 14.Be2 Be7 15.Rd2 O-O 16.Rhd1 Rc6 17.Be3 Rfc8 18.Kb1 b5 19.a4
Rxc3 20.bxc3 Rxc3 21.Rd3 Rc8 22.axb5 axb5 23.Rxd6 Bxd6 24.Rxd6 Nd7 25.Ra6 Rb8
26.Ra5 b4 27.Rb5 Rxb5 28.Bxb5 f6 29.Bd2 Nb6 30.Bxb4 Nc4 31.Bc5 g5 32.c3 Kg7
33.Kc2 { ...1/2-1/2, Peptan Corina 2430 - Gaprindashvili Nona 2350 , Kishinev
1998 It (w) } ) 14.g4 Be6 15.h4 O-O 16.Bh3 Rc6 17.Be3 Rfc8 18.Rd2 Ne8 19.Nd5
Kf8 20.a3 Bd8 21.g5 g6 22.h5 gxh5 23.Bf5 Ng7 24.Bxh7 Bxd5 { } ( 24...Ba5 { !?
} 25.Rdh2 h4 26.c3 h3 { } ) 25.exd5 Bb6 { } ( 25...Rc4 { !? } 26.Rg2 Ra4
27.Be4 b5 { } ) 26.dxc6 Bxe3 27.cxb7 Rb8 28.Be4 Bxg5 29.Kd1 { } ( 29.b4 { !? }
29...Ke7 30.c4 Bxd2+ 31.Kxd2 { } ) 29...Bxd2 30.Kxd2 Ke7 31.b4 Kd7 32.a4 Kc7
33.a5 Rh8 { ? } ( 33...Ne8 { !? } 34.Rxh5 Nf6 35.Rf5 Nxe4+ { } ) 34.b5 axb5
35.a6 d5 36.Bxd5 Rd8 37.c4 bxc4 38.Kc3 { } {#r} 1-0

[Event "It (w)"]
[Site "masterchessopen.com Bucharest (Romania)"]
[Round "3"]
[White "Moshina Cristina (MDA)"]
[Black "Ciobanu Camelia (ROM)"]
[Result "0-1"]
[WhiteElo "2208"]
[BlackElo "2227"]

1.e4 c5 2.Nf3 Nc6 3.d4 cxd4 4.Nxd4 Nf6 5.Nc3 d6 6.Bg5 Bd7 7.Qd2 Rc8 8.Nb3 a6
9.O-O-O b5 10.f4 e6 11.Qe1 Qc7 12.Bxf6 gxf6 13.Bd3 b4 14.Ne2 a5 15.Nbd4 Nxd4
16.Nxd4 Qb6 17.Be2 a4 18.Qd2 Bh6 19.g3 Ke7 20.Rhe1 Rc5 21.Kb1 Rhc8 22.Bd3 Kf8
23.h4 e5 24.Nf5 Bxf5 25.exf5 d5 26.Rc1 Rc3 27.h5 a3 28.b3 Qd4 29.Qe2 e4 30.Ba6
Re3 31.c3 Rcxc3 32.Rxc3 Qxc3 33.Rc1 Rxe2 {#R} 0-1

[Event "Memorial V.Ciocaltea (cat.9)"]
[Site "masterchessopen.com Bucharest (Romania)"]
[Round "7"]
[White "Iordachescu Viorel (MDA)"]
[Black "Murariu Andrei (ROM)"]
[Result "1-0"]
[WhiteElo "2632"]
[BlackElo "2381"]

{ Iordachescu Viorel (MDA) +2 =0 -0 } 1.e4 { 1 } 1...c5 2.Nf3 Nc6 3.d4 cxd4
4.Nxd4 Nf6 5.Nc3 d6 6.Bg5 Bd7 7.Qd2 Rc8 8.Nb3 h6 { ?/= } 9.Bxf6 gxf6 10.Bd3 (
10.O-O-O f5 11.Bd3 Bg7 12.exf5 Nb4 13.Ne4 Qb6 14.f6 Bxf6 15.Nxf6+ exf6 16.Kb1
Be6 17.Rhe1 Kd7 18.Bb5+ Kc7 19.Qxb4 a6 20.Nd4 Kb8 21.Nxe6 fxe6 22.Qxd6+ { 1-0,
Klovans Janis 2450 - Kuzmin Gennadi P 2520 , Moscow 1983 Olympiad URS } )
10...Ne5 ( 10...h5 11.O-O-O Bh6 12.f4 Ne5 13.Rhf1 Rg8 14.Kb1 Nxd3 15.Qxd3 Rxg2
16.f5 Bc6 17.Qh3 Rg5 18.Nd4 Qb6 19.Nf3 Rg8 20.Qxh5 Be3 21.Qh3 Qc5 22.Nd2 Bxd2
23.Rxd2 Kd7 24.a3 b5 25.Rfd1 a5 26.Nd5 b4 27.Qb3 Ke8 28.e5 fxe5 29.f6 a4
30.Qxb4 { ...0-1, Klovans Janis 2450 - Chandler Murray G 2485 , Yurmala 1983
It (cat.10) } ) 11.f4 ( 11.O-O-O { } ) 11...Nxd3+ ( 11...Nc4 12.Bxc4 Rxc4
13.O-O e6 14.Kh1 h5 15.f5 Rc8 16.fxe6 fxe6 17.Qf2 a6 18.Rae1 Be7 19.Re3 Kf7
20.Rd3 h4 21.Rh3 Qg8 22.Rxh4 Qg5 23.Rxh8 Rxh8 24.Nd4 Qh5 25.Nf3 Bc6 26.Ne2 Ke8
27.Re1 Qg4 28.Nc3 Rh5 29.Qe2 Qf4 30.Nd5 Bxd5 31.exd5 { ...1-0, Lanka Zigurds
2520 - Caposciutti Maurizio 2295 , Cannes 1992 It (open) } ) 12.Qxd3 { }
12...f5 13.exf5 Bg7 14.O-O-O { N } ( 14.O-O Qb6+ 15.Rf2 Qa6 16.Qe3 Qb6 17.Qg3
Bxc3 18.bxc3 Bxf5 19.Qg7 Rh7 20.Qg3 Kf8 21.Re1 d5 22.Nd4 Be4 23.f5 Rg7 24.Qh3
Rc4 25.f6 exf6 26.Qxh6 f5 27.Qf4 Rg6 28.Rxe4 fxe4 29.Qb8+ Kg7 30.Nf5+ Kh7
31.Nd4 Rf6 32.Rxf6 Qxf6 33.Qxb7 Qf4 { ...1-0, Iordachescu Viorel 2555 -
Berkvens J 2467 , Wijk aan Zee 2002 It (cat.8) } ) 14...Bxc3 15.bxc3 Qc7
16.Rhe1 Rg8 17.f6 e6 18.Qh7 Rf8 19.Rd3 d5 { ? } ( { ? } 19...Bb5 20.Rde3 Kd8
21.Qxh6 Rg8 { } ) 20.Qxh6 Qd6 21.Qg5 { ? } ( { ? } 21.f5 Kd8 22.fxe6 Bxe6
23.Nd4 { } ) 21...Kd8 22.Qe5 Qa3+ { ? } ( { ? } 22...Qxe5 23.fxe5 Rg8 24.g3
Bb5 { } ) 23.Kd2 { ?! } ( 23.Kb1 { !? } 23...Re8 24.Rh3 Rc7 25.Rh7 { } )
23...Re8 { ? } ( { ? } 23...Rg8 24.Rg1 Qf8 25.f5 Qh6+ { } ) 24.f5 Qf8 25.fxe6
Bxe6 26.Qf4 b5 { ?! } ( 26...Rc7 { !? } 27.Nd4 Kd7 28.Nb5 Rc5 { } ) 27.Nd4 Bd7
28.Rxe8+ Qxe8 29.Re3 Qg8 30.g3 b4 31.cxb4 Qh7 32.h4 Rc7 33.Rc3 { } {#r} 1-0

[Event "Memorial Elekes (cat.8)"]
[Site "masterchessopen.com Budapest (Hungary)"]
[Round "2"]
[White "Sprenger Jan Michael (GER)"]
[Black "Wittmann Walter (AUT)"]
[Result "1-0"]
[WhiteElo "2477"]
[BlackElo "2339"]

1.e4 c5 2.Nf3 d6 3.d4 cxd4 4.Nxd4 Nf6 5.Nc3 Nc6 6.Bg5 Bd7 7.Qd2 Nxd4 8.Qxd4 h6
9.Bxf6 gxf6 10.O-O-O Qa5 11.Kb1 Rc8 12.f4 Qc5 13.Qd3 h5 14.Be2 h4 15.Qf3 e6
16.Rhf1 b5 17.f5 Be7 18.Bd3 Qe5 19.Ne2 Bc6 20.Nf4 exf5 21.Rde1 Kf8 22.Qh3 Rc7
23.Nd5 Bxd5 24.exd5 Qd4 25.Qxf5 b4 26.Rf4 Qb6 27.Qh3 b3 28.axb3 Qa5 29.Ree4
Rg8 30.Rxh4 f5 31.Rh8 fxe4 32.Qh6+ Ke8 33.Rxg8+ Kd7 34.Qh3+ {#r} 1-0

[Event "Ch Europe (juniors) (under 18)"]
[Site "masterchessopen.com Budva (Yugoslavia)"]
[Round "4"]
[White "Kalata Peter (SVK)"]
[Black "Murariu Andrei (ROM)"]
[Result "1-0"]
[WhiteElo "2241"]
[BlackElo "2381"]

1.e4 c5 2.Nf3 Nc6 3.d4 cxd4 4.Nxd4 Nf6 5.Nc3 d6 6.Bg5 Bd7 7.Qd2 Rc8 8.O-O-O
Nxd4 9.Qxd4 Qa5 10.Bxf6 gxf6 11.f4 Rg8 12.g3 f5 13.e5 Bg7 14.Bg2 Be6 15.Nd5
Qxa2 16.Nxe7 dxe5 17.Qb4 Bf8 18.Bxb7 Bxe7 19.Qb5+ Kf8 20.Bxc8 Bxc8 21.Qxe5 Be6
22.Rhe1 h5 23.Rd4 h4 24.Red1 Qa1+ 25.Kd2 Qa6 26.Kc1 f6 27.Qc7 Kf7 28.Rd6 Qa2
29.Qb7 Rc8 30.R1d3 Qc4 31.Rc3 Rc7 32.Qxc7 Qa2 33.Ra3 {#r} 1-0

[Event "Ch India"]
[Site "masterchessopen.com Calicut (India)"]
[Round "14"]
[White "Ganguly Surya Shekhar (IND)"]
[Black "Venkatesh M R (IND)"]
[Result "1-0"]
[WhiteElo "2559"]
[BlackElo "2450"]

1.e4 c5 2.Nf3 Nc6 3.d4 cxd4 4.Nxd4 Nf6 5.Nc3 d6 6.Bg5 Bd7 7.Qd2 Rc8 8.O-O-O
Nxd4 9.Qxd4 Qa5 10.h4 e5 11.Qe3 Ng4 12.Qe1 b5 13.Kb1 b4 14.Nd5 b3 15.Qxa5
bxc2+ 16.Kc1 cxd1=Q+ 17.Kxd1 Nxf2+ 18.Ke1 Nxh1 19.Qd8+ {#r} 1-0

[Event "Moravian League 2002/03 (1st)"]
[Site "masterchessopen.com Czech Republic"]
[Round "6"]
[White "Talla Vladimir (CZE)"]
[Black "Hladik Oto (CZE)"]
[Result "1-0"]
[WhiteElo "2385"]
[BlackElo "2189"]

1.e4 c5 2.Nf3 Nc6 3.d4 cxd4 4.Nxd4 Nf6 5.Nc3 d6 6.Bg5 Bd7 7.Qd2 Rc8 8.O-O-O
Nxd4 9.Qxd4 Qa5 10.Bd2 e5 11.Qd3 a6 12.Kb1 Be6 13.Nd5 Qa4 14.b3 Qc6 15.Nxf6+
gxf6 16.c4 Rg8 17.f3 h5 18.g3 Be7 19.Be3 Rb8 20.Be2 Qc8 21.f4 f5 22.fxe5 dxe5
23.Rhf1 b5 24.c5 fxe4 25.Qxe4 Bg5 26.Qxe5 Bxe3 27.Qxe3 Rb7 28.Bxh5 Re7 29.Qd4
Rd7 30.Qc3 Rc7 31.Qf6 Re7 32.Rd6 Rf8 {#r} 1-0

[Event "Cup of STEK (cat.3)"]
[Site "masterchessopen.com Donskoj (Russia)"]
[Round "8"]
[White "Gorbunov Oleg (RUS)"]
[Black "Gusev Aleksey (RUS)"]
[Result "0-1"]
[WhiteElo "2266"]
[BlackElo "2394"]

1.e4 c5 2.Nf3 Nc6 3.d4 cxd4 4.Nxd4 Nf6 5.Nc3 d6 6.Bg5 Bd7 7.Qd2 Rc8 8.O-O-O
Nxd4 9.Qxd4 Qa5 10.f4 h6 11.Bh4 g5 12.e5 Bg7 13.fxg5 Ng4 14.gxh6 Bxe5 15.Qd2
Rxc3 16.bxc3 Qa3+ 17.Kb1 Bxc3 18.Qc1 Qb4+ {#R} 0-1

[Event "Ch World (juniors) (under 14) (g)"]
[Site "masterchessopen.com Halkidiki (Greece)"]
[Round "1"]
[White "Shmirina Evgenija (GER)"]
[Black "Tsarouha Menexenia (GRE)"]
[Result "1-0"]
[WhiteElo "2176"]
[BlackElo "1726"]

1.e4 c5 2.Nf3 d6 3.d4 cxd4 4.Nxd4 Nf6 5.Nc3 Nc6 6.Bg5 Bd7 7.Qd2 Nxd4 8.Qxd4
Qa5 9.h4 Rc8 10.f3 Qc5 11.Qd2 g6 12.O-O-O Bg7 13.Bh6 O-O 14.h5 Nxh5 15.Bxg7
Kxg7 16.g4 Nf6 17.Qh6+ Kg8 18.Bd3 Bc6 19.Nd5 Bxd5 20.exd5 b5 21.g5 Nh5 22.Rxh5
{#r} 1-0

[Event "It (cat.10)"]
[Site "masterchessopen.com Kramatorsk (Ukraine)"]
[Round "14"]
[White "Lahno Kateryna (UKR)"]
[Black "Andreev Eduard (UKR)"]
[Result "1-0"]
[WhiteElo "2435"]
[BlackElo "2494"]

{ } 1.e4 { 1 } 1...c5 2.Nf3 d6 3.d4 cxd4 4.Nxd4 Nf6 5.Nc3 Nc6 6.Bg5 Bd7 7.Qd2
Rc8 8.f4 Nxd4 9.Qxd4 Qa5 10.e5 ( 10.O-O-O Rxc3 11.bxc3 e5 12.Qb4 Qxb4 13.cxb4
Nxe4 14.Rd5 h6 15.Bh4 g5 16.fxg5 hxg5 17.Be1 Be7 18.Ra5 a6 19.b5 Bd8 20.bxa6
Bxa5 21.a7 Ke7 22.Bxa5 Bc6 23.Bb6 Nc5 24.h4 Nd7 25.Bc7 gxh4 26.Rxh4 Ra8 27.Rh6
f6 28.Rh7+ Ke6 29.g3 Rxa7 { ...1-0, Volokitin Andrei 2565 - Motylev Alexander
2640 , Bermuda 2003 It (cat.15) } ) 10...dxe5 11.fxe5 e6 12.O-O-O Bc6 13.Nb5
Bxb5 14.exf6 { ± } 14...Bc6 ( 14...g6 15.h4 Bc6 16.Bc4 Bc5 17.Qe5 Bb4 18.Qxa5
Bxa5 19.h5 gxh5 20.Rxh5 Bxg2 21.Bb5+ Bc6 22.Bxc6+ Rxc6 23.Bh6 Bc7 24.c3 Rg8
25.Bg7 Rd6 26.Rdh1 Kd7 27.Rxh7 e5 28.R7h5 Ke6 29.Re1 Rd3 30.Kc2 Rgd8 31.Re2
Rf3 32.Rh4 Rd7 33.Rh8 Rd8 34.Rh4 { ...0-1, Sutovsky Emil 2545 - Thorhallsson
Throstur 2420 , Gausdal 1995 It (open) "Peer Gynt" } ) 15.h4 Rg8 ( 15...g6
16.Bc4 Bc5 17.Qg4 h5 18.Qe2 O-O 19.Rhf1 Bb4 20.Bh6 Rfe8 21.Kb1 Bxg2 22.Qxg2
Rxc4 23.Qxg6+ { 1-0, Almasi Zoltan 2630 - Miroshnichenko Evgenij 2545 , Ohrid
2001 Ch Europe } ) ( 15...gxf6 16.Bc4 Rg8 17.Qxf6 Rg6 18.Qf4 h6 19.Bf6 Rxg2
20.Rhf1 Qa4 21.b3 Qa3+ 22.Kb1 Bg7 23.Bxg7 Rxg7 24.Qf6 Kf8 25.Qxe6 { 1-0,
Rodriguez Amador 2530 - Gamboa Nelson 2370 , Bogota 1991 It } ) 16.Bc4 gxf6 (
16...Qc5 17.Bxe6 Qxd4 18.Bxc8 Qxd1+ 19.Rxd1 h6 20.fxg7 hxg5 21.gxf8=Q+ Rxf8
22.g3 Ke7 23.Bf5 gxh4 24.gxh4 Rh8 25.Rd4 Kf6 26.Bd3 Ke5 27.Rg4 f5 28.Rg5 Be4
29.h5 Kf4 30.Rg7 Rxh5 31.Bxe4 fxe4 32.Rxb7 Ke3 33.b4 Kd4 34.Rxa7 Kc3 35.Ra3+
Kxb4 36.Re3 { ...1/2-1/2, Pantaleoni Claudio 2190 - Paoli Enrico 2300 , Reggio
Emilia 1983 } ) 17.Rhe1 ( 17.Qxf6 Rg6 18.Qf4 h6 19.Bf6 Rxg2 20.Rhf1 { }
20...Qa4 21.b3 Qa3+ 22.Kb1 Bg7 23.Bxg7 Rxg7 24.Qf6 Kf8 25.Qxe6 { 1-0,
Rodriguez Amador 2530 - Gamboa Nelson 2370 , Bogota 1991 It } ) 17...fxg5 (
17...Rg6 18.Bxe6 fxe6 19.Rxe6+ Kf7 20.Rxf6+ Kg8 21.Qc4+ Kh8 22.Rxg6 hxg6
23.Bf6+ Bg7 24.Qf7 Bxf6 25.Qxf6+ Kh7 26.Qe7+ Kh8 { 1/2-1/2, Tseshkovsky Vitaly
2575 - Zaichik Gennadi 2390 , Telavi 1982 Ch URS (1 liga) } ) ( 17...Qc5
18.Bxe6 Qxd4 19.Bxc8+ Be7 20.Rxd4 fxg5 21.h5 Kf8 22.g4 h6 23.Bd7 Bc5 24.Rd3
Kg7 25.Bxc6 bxc6 26.Rd7 Rb8 27.c3 Bb6 28.Ree7 Rf8 29.Re6 c5 30.a3 Kh7 31.Kc2
c4 32.Rc6 Kg7 33.Rxc4 Re8 34.Rc6 Re4 35.Rg6+ Kf8 36.Rxh6 Rxg4 37.Rf6 { ...1-0,
Kadziolka Beata 2290 - Gaprindashvili Nona 2318 , Varna 2002 Ch Europe (w) } )
18.Bxe6 { } 18...fxe6 19.Qf6 { N } ( 19.Rxe6+ Be7 20.Rxe7+ Kxe7 21.Qe3+ Kf7
22.Rf1+ Kg7 23.Qe7+ Kh6 24.Rf7 Rcf8 25.Qd6+ Kh5 26.g4+ Kxg4 27.Qe6+ Kg3
28.Qe3+ Kh2 29.b4 Qxb4 30.Qe5+ Kh1 { 0-1, Kupreichik Viktor D 2580 - Yudasin
Leonid 2345 , Frunze 1981 Ch URS } ) 19...Qxe1 20.Rxe1 Rc7 21.Qxe6+ Re7
22.Qc8+ Kf7 23.Rf1+ Kg7 24.Qd8 Re6 { ? } ( { ? } 24...h6 25.Rxf8 Re1+ 26.Kd2
Rxf8 { } ) 25.Qd4+ Kg6 26.Qc4 Bd7 27.Qd3+ Kh5 28.Qxh7+ { } {#r} 1-0

[Event "Ch Russia"]
[Site "masterchessopen.com Krasnoyarsk (Russia)"]
[Round "1"]
[White "Svidler Peter (RUS)"]
[Black "Sherbakov Ruslan (RUS)"]
[Result "1-0"]
[WhiteElo "2735"]
[BlackElo "2555"]

{ Svidler Peter (RUS) +1 =1 -1 } 1.e4 c5 2.Nf3 Nc6 3.d4 cxd4 4.Nxd4 Nf6 5.Nc3
d6 6.Bg5 Bd7 7.Qd2 Rc8 8.f4 Nxd4 9.Qxd4 Qa5 10.e5 ( 10.O-O-O Rxc3 11.bxc3 e5
12.Qb4 Qxb4 13.cxb4 Nxe4 14.Rd5 h6 15.Bh4 g5 16.fxg5 hxg5 17.Be1 Be7 18.Ra5 a6
19.b5 Bd8 20.bxa6 Bxa5 21.a7 Ke7 22.Bxa5 Bc6 23.Bb6 Nc5 24.h4 Nd7 25.Bc7 gxh4
26.Rxh4 Ra8 27.Rh6 f6 28.Rh7+ Ke6 29.g3 Rxa7 { ...1-0, Volokitin Andrei 2565 -
Motylev Alexander 2640 , Bermuda 2003 It (cat.15) } ) 10...dxe5 11.fxe5 e6
12.O-O-O Bc6 13.Nb5 Bxb5 14.exf6 { ± } 14...Bc6 ( 14...g6 15.h4 Bc6 16.Bc4 Bc5
17.Qe5 Bb4 18.Qxa5 Bxa5 19.h5 gxh5 20.Rxh5 Bxg2 21.Bb5+ Bc6 22.Bxc6+ Rxc6
23.Bh6 Bc7 24.c3 Rg8 25.Bg7 Rd6 26.Rdh1 Kd7 27.Rxh7 e5 28.R7h5 Ke6 29.Re1 Rd3
30.Kc2 Rgd8 31.Re2 Rf3 32.Rh4 Rd7 33.Rh8 Rd8 34.Rh4 { ...0-1, Sutovsky Emil
2545 - Thorhallsson Throstur 2420 , Gausdal 1995 It (open) "Peer Gynt" } )
15.h4 g6 ( 15...Rg8 16.Bc4 gxf6 17.Rhe1 fxg5 18.Bxe6 fxe6 19.Rxe6+ Be7
20.Rxe7+ Kxe7 21.Qe3+ Kf7 22.Rf1+ Kg7 23.Qe7+ Kh6 24.Rf7 Rcf8 25.Qd6+ Kh5
26.g4+ Kxg4 27.Qe6+ Kg3 28.Qe3+ Kh2 29.b4 Qxb4 30.Qe5+ Kh1 { 0-1, Kupreichik
Viktor D 2580 - Yudasin Leonid 2345 , Frunze 1981 Ch URS } ) ( 15...gxf6
16.Bc4 Rg8 17.Qxf6 Rg6 18.Qf4 h6 19.Bf6 Rxg2 20.Rhf1 Qa4 21.b3 Qa3+ 22.Kb1 Bg7
23.Bxg7 Rxg7 24.Qf6 Kf8 25.Qxe6 { 1-0, Rodriguez Amador 2530 - Gamboa Nelson
2370 , Bogota 1991 It } ) 16.Bc4 { +0.42 CAP } 16...Qc5 { N } ( 16...Bc5
17.Qg4 h5 18.Qe2 O-O 19.Rhf1 Bb4 20.Bh6 Rfe8 21.Kb1 Bxg2 22.Qxg2 Rxc4 23.Qxg6+
{ 1-0, Almasi Zoltan 2630 - Miroshnichenko Evgenij 2545 , Ohrid 2001 Ch Europe
} ) 17.Qd3 Qf5 { ?! } ( 17...Ba4 { !? } 18.b3 Bc6 19.Rhe1 Qf5 { } ) 18.Qb3 Rd8
19.Rdf1 Qg4 20.Bxe6 fxe6 21.Rf4 Qe2 22.f7+ Kd7 23.Rd4+ Bd6 24.Rhd1 Bd5 { ?! }
( 24...Kc7 { !? } 25.Bxd8+ Rxd8 26.Rxd6 Rxd6 { } ) 25.Rxd5 exd5 26.Qxb7+ { }
{#r} 1-0

[Event "It (open)"]
[Site "masterchessopen.com Malaga (Spain)"]
[Round "8"]
[White "Perez Candelario Manuel (ESP)"]
[Black "Cifuentes Parada Roberto (ESP)"]
[Result "1-0"]
[WhiteElo "2474"]
[BlackElo "2540"]

1.e4 c5 2.Nf3 d6 3.d4 cxd4 4.Nxd4 Nf6 5.Nc3 Nc6 6.Bg5 Bd7 7.Qd2 Rc8 8.f4 h6
9.Bxf6 gxf6 10.Nf5 Qa5 11.Bd3 Nb4 12.O-O Nxd3 13.Qxd3 Qc5+ 14.Kh1 e6 15.Ne3
Be7 16.f5 Rg8 17.Rf4 b5 18.Rh4 b4 19.Ne2 Bd8 20.Re1 Bb6 21.Nf4 Qd4 22.fxe6
fxe6 23.Qe2 Rg5 24.Nf5 Qc5 25.Rxh6 Kd8 26.Nd3 Qxc2 27.Rh8+ Be8 28.Nxd6 Qxe2
29.Rxe2 Rc6 30.Nxe8 Ke7 31.h4 Rg3 32.Nxb4 Rc4 33.Nd5+ exd5 34.exd5+ Re3 35.d6+
Kf7 36.Rxe3 Bxe3 37.d7 Rd4 38.Nd6+ {#r} 1-0

[Event "Ch Commonwealth"]
[Site "masterchessopen.com Mumbai (India)"]
[Round "9"]
[White "Ramaswamy Aarthie (IND)"]
[Black "Sai Srinivas (IND)"]
[Result "0-1"]
[WhiteElo "2267"]
[BlackElo "2237"]

1.e4 c5 2.Nf3 Nc6 3.d4 cxd4 4.Nxd4 Nf6 5.Nc3 d6 6.Bg5 Bd7 7.Qd2 Rc8 8.O-O-O
Nxd4 9.Qxd4 Qa5 10.Be3 a6 11.f3 Bc6 12.Kb1 e6 13.g4 Nd7 14.g5 b5 15.Qd2 Be7
16.h4 Ne5 17.Qf2 Qc7 18.Bh3 Bb7 19.Bd4 O-O 20.h5 b4 21.Bxe5 dxe5 22.Na4 Bxg5
23.Rhg1 Bh6 24.Rg2 Rfd8 25.Rxd8+ Rxd8 {#R} 0-1

[Event "It (open)"]
[Site "masterchessopen.com Nice (France)"]
[Round "4"]
[White "Martin Joel (FRA)"]
[Black "Abergel Thal (FRA)"]
[Result "0-1"]
[WhiteElo "2047"]
[BlackElo "2428"]

1.e4 c5 2.Nf3 Nc6 3.d4 cxd4 4.Nxd4 Nf6 5.Nc3 d6 6.Bg5 Bd7 7.Qd2 Rc8 8.f3 a6
9.O-O-O e6 10.Kb1 Be7 11.Nb3 b5 12.a3 O-O 13.h4 Qb6 14.Be3 Qb7 15.g4 Ne5
16.Be2 Nc4 17.Qd3 a5 18.Bd4 b4 19.axb4 axb4 20.Na2 Bb5 {#R} 0-1

[Event "It (open)"]
[Site "masterchessopen.com Oslo (Norway)"]
[Round "8"]
[White "Andersen Alf R (NOR)"]
[Black "Van Der Weide Karel (BEL)"]
[Result "0-1"]
[WhiteElo "2188"]
[BlackElo "2457"]

1.e4 c5 2.Nf3 Nc6 3.d4 cxd4 4.Nxd4 Nf6 5.Nc3 d6 6.Bg5 Bd7 7.Qd2 Rc8 8.O-O-O
Nxd4 9.Qxd4 Qa5 10.f4 Rxc3 11.bxc3 e5 12.Qe3 Ng4 13.Qg3 Qa3+ 14.Kd2 Qc5 15.Bh4
exf4 16.Qxf4 g5 17.Bxg5 Rg8 18.h4 f6 19.Rb1 fxg5 20.Qf3 gxh4 21.Rxb7 Bh6+
22.Ke1 Rf8 23.Rb8+ Bc8 24.Bb5+ Ke7 25.Rxc8 Qxc8 26.Qh3 Bg5 27.Rf1 Ne5 28.Rxf8
Qxf8 29.Be2 Qf4 30.c4 Qd2+ 31.Kf1 Qxc2 32.Qb3 Qxe4 {#R} 0-1